Представление документа в формате RUSMARC

ПолеНазваниеЗначение
  Тип записи a
  Библиографический уровень m
001 Контрольный номер 6bb33804dd7a4ad88505a32739a420b8
005 Дата корректировки 20150128152043.6
010 Индекс ISBN __
a ISBN 978-5-91657-904-8
d Цена 582,00
101 Язык документа 0_
a Язык текста rus
102 Страна публикации __
a Страна публикации RU
200 Заглавие и сведения об ответственности 1_
b Общее обозначение материала Текст
a Заглавие Инфографика. Мир, каким вы никогда не видели его прежде
g Последующие сведения об ответственности пер. с англ. М. Карагичевой, И. Урсаевой
f Первые сведения об ответственности М. Тоузленд
f Первые сведения об ответственности С. Тоузленд
210 Выходные данные 1_
a Место издания М.
c Издательство Манн. Иванов и Фербер
d Дата издания 2014
215 Физическое описание __
a Объем 208 с.
610 Ключевые слова 0_
a Ключевые слова инфографика
a Ключевые слова статистика
a Ключевые слова статистические данные
a Ключевые слова информация непонятно о чем (обо всем)
686 Индексы других классификаций __
a Классификационный индекс 60.6
a Классификационный индекс 85.15
700 Автор _1
g Полное личное имя Мартин
a Фамилия Тоузленд
b Имя М.
701 Альтернативная интеллектуальная ответственность _1
g Полное личное имя Саймон
a Фамилия Тоузленд
b Имя С.
801 Источник записи _0
a Страна RU
b Организация РУК
g Правила каталогизации PSBO
852 Данные о местонахождении __
i Авторский знак Т 63
j Шифр хранения ББК 60.6+85.15
901 Тип документа __
t Тип документа m
937 Технологическая информация __
a Создатель записи (имя) Михно
938 Служебная информация __
a Название организации Поволжский филиал
952 Тип литературы __
c Вид литературы справочник